logo

Bir Sreshtho Munshi Abdur Rouf Library
Jhenaidah Cadet College

জন্মান্ধ আয়নার পাশে : (Record no. 5837)

MARC details
000 -LEADER
fixed length control field 00678nam a2200217 a 4500
001 - CONTROL NUMBER
JCCL Control Number 5837
003 - CONTROL NUMBER IDENTIFIER
JCCL marc code BD-JhCC
005 - DATE AND TIME OF LATEST TRANSACTION
control field 20180118104436.0
008 - FIXED-LENGTH DATA ELEMENTS--GENERAL INFORMATION
fixed length control field 171227s2011 bg ||||| |||| 00| 0 ben d
035 ## - SYSTEM CONTROL NUMBER
system control number (BD-JhCC)5837
040 ## - CATALOGING SOURCE
Original cataloging agency BD-JhCC
Modifying agency BD-JhCC
041 ## - LANGUAGE CODE
Language code of Book ben
082 ## - DEWEY DECIMAL CLASSIFICATION NUMBER
Classification number 891.4415
Author mark and Year AZA 2011
100 ## - MAIN ENTRY--PERSONAL NAME
Personal name আজাদ, শিমুল
245 ## - TITLE STATEMENT
Title জন্মান্ধ আয়নার পাশে :
Remainder of title প্রেম ও দ্রোহের কবিতা /
Statement of responsibility, etc শিমুল আজাদ
260 ## - PUBLICATION, DISTRIBUTION, ETC. (IMPRINT)
Place of publication, distribution, etc ঢাকা :
Name of publisher, distributor, etc Chondroshhap Publication,
Date of publication, distribution, etc 2011.
300 ## - PHYSICAL DESCRIPTION
Pagination 64 p. :
Dimensions 21 cm.
650 ## - SUBJECT ADDED ENTRY--TOPICAL TERM
Topical term or geographic name as entry element Bengali Poetry
942 ## - ADDED ENTRY ELEMENTS (KOHA)
Source of classification or shelving scheme Dewey Decimal Classification
Koha item type Books
Holdings
Source of classification or shelving scheme Damaged status Not for loan Home library Current library Shelving location Date of accession Cost, normal purchase price Total Checkouts Full call number Barcode Date last seen Copy number Koha item type Method of acquisition Currency Date checked out
Dewey Decimal Classification     JCC Rouf Library JCC Rouf Library General Stacks 12/27/2017 150.00   891.4415 AZA 2011 8171 12/27/2017 C-1 Books      
Dewey Decimal Classification     JCC Rouf Library JCC Rouf Library General Stacks 01/16/2018 150.00   891.4415 AZA 2011 8083 01/16/2018 C-2 Books      
Dewey Decimal Classification     JCC Rouf Library JCC Rouf Library General Stacks 02/24/2018 150.00   891.4415 AZA 2011 11000 02/24/2018 C-3 Books Purchase    
Dewey Decimal Classification     JCC Rouf Library JCC Rouf Library General Stacks 02/24/2018 150.00 1 891.4415 AZA 2011 10999 01/31/2024 C-4 Books     01/14/2024
Dewey Decimal Classification     JCC Rouf Library JCC Rouf Library General Stacks 02/24/2018 150.00   891.4415 AZA 2011 10998 02/24/2018 C-5 Books      

JCC Library | Contacts | JCC Home

Last Update on 23 September 2017
Copyright @ 2017-2020 JCC Rouf Library
Rouf Library, Jhenidah Cadet College (JCC), Bangladesh